Pracovný zošit z manažmentu
Gespeichert in:
| 1. Verfasser: | |
|---|---|
| Weitere Verfasser: | , , , , |
| Format: | Buch |
| Sprache: | Slowakisch |
| Veröffentlicht: |
Košice
Letecká fakulta TU v Košiciach
2013
|
| Schlagworte: | |
| Tags: |
Keine Tags, Fügen Sie das erste Tag hinzu!
|
MARC
| LEADER | 00000nam a2200000 4500 | ||
|---|---|---|---|
| 001 | 0177136 | ||
| 005 | 20240502073022.9 | ||
| 020 | |a 978-80-553-1325-2 | ||
| 041 | 0 | |a slo | |
| 044 | |a SK | ||
| 245 | 1 | 0 | |a Pracovný zošit z manažmentu |c Bohuslava Mihalčová, Anna Vistánová, Iveta Podoľaková, Michaela Bruothová ; recenzovali Michal Pružinský, Ľuboš Socha |
| 264 | 1 | |a Košice |b Letecká fakulta TU v Košiciach |c 2013 | |
| 610 | 2 | 0 | |a manažment |
| 610 | 2 | 0 | |a riadenie |
| 610 | 2 | 0 | |a manažéri |
| 610 | 2 | 0 | |a plánovanie |
| 610 | 2 | 0 | |a vedenie |
| 610 | 2 | 0 | |a kontrola |
| 610 | 2 | 0 | |a komunikácia manažérska |
| 610 | 2 | 0 | |a komunikácia interkultúrna |
| 610 | 2 | 0 | |a riadenie zmien |
| 610 | 2 | 0 | |a manažment znalostný |
| 610 | 2 | 0 | |a manažment logistický |
| 610 | 2 | 0 | |a riadenie procesné |
| 610 | 2 | 0 | |a etika podnikateľská |
| 610 | 2 | 0 | |a kultúra podniková |
| 610 | 2 | 0 | |a metódy plánovania |
| 610 | 2 | 0 | |a analýza swot |
| 610 | 2 | 0 | |a matice |
| 610 | 2 | 0 | |a diagramy |
| 610 | 2 | 0 | |a metódy rozhodovania |
| 100 | 1 | |a Mihalčová, Bohuslava, 1963- | |
| 700 | 1 | |a Vistánová, Anna | |
| 700 | 1 | |a Podoľaková, Iveta | |
| 700 | 1 | |a Bruothová, Michaela, 1979- | |
| 700 | 1 | |a Pružinský, Michal, 1952- | |
| 700 | 1 | |a Socha, Luboš | |